00514 2200181 4500001002100000005001700021008004100038020001800079035002900097090001400126100001900140245006500159250001000224260004200234300002500276650001600301990001500317INLIS00000000002297520141029071346.0  a979-22-0759-7 a##a0010-101400000000244 a153 Dan k aDaniel Goleman aKepemimpinan Berdasarkan Kecerdasan EmosibPrimal Leadership aCet 4 aJakartabGramedia Pustaka Utamac2004 axx + 352 hlm ; 24 cm aIntelegensi a443/w/2014